000 00603nam a2200253Ia 4500
005 20260121153851.0
008 008 260114s9999 xx 000 0 eng d
020 _a9781315129730
037 _aEBOOK
040 _aCRL
040 _beng
040 _cCRL
041 _2eng
041 _aeng
084 _qCRL
100 _aAnselm L. Strauss
_91000112
245 0 _aSocial Psychology and Human Values
260 _bTaylor and Francis
260 _c1969
856 _uhttp://www.taylorfrancis.com/books/9781315129730
942 _cEBOOK
999 _c1566933
_d1566933